000 01165cam a2200313 a 4500
999 _c4613
_d4613
001 3526646
003 GZU
005 20210317085227.0
008 960909s1996 nju b 001 0 eng
010 _a 96043316
020 _a0865435340
020 _a0865435359 (paper : alk. paper)
040 _aDLC
_cDLC
_dDLC
043 _af------
050 0 0 _aPL8010
_b.L36 1996
082 0 0 _a809/.8896/00904
_220
245 0 4 _aThe language of African literature /
_cedited by Edmund L. Epstein and Robert Kole, with an introduction by Edmund L. Epstein.
260 _aTrenton, NJ :
_bAfrica World Press,
_cc1996.
300 _axii, 298 p. ;
_c22 cm.
504 _aIncludes bibliographical references and index.
650 0 _aAfrican literature
_y20th century
_xHistory and criticism.
650 0 _aAfrican literature (English)
_xHistory and criticism.
650 0 _aNarration (Rhetoric)
700 1 _aEpstein, Edmund L.
700 1 _aKole, Robert.
906 _a7
_bcbc
_corignew
_d1
_eocip
_f19
_gy-gencatlg
942 _2lcc
_cBK
_h8010
_iLAN
_kPL
_m1996